000 00854nas a2200265 4500
001 BR8902642
003 BR-BrBNA
005 20231205091550.0
007 ta
008 230509b bl.|||p| |||| 00| 00por d
040 _aBR-BrBNA
_bpor
_cBiblioteca Nacional de Agricultura
041 _a(Pt)
072 _aL40
100 1 _aPinto, M.G.F.
100 1 _aFernandes Filho, A.
245 1 _aContribuicao ao estudo dos elementos vasculares arteriais e venosos do hilo renal, em ovinos deslanados
650 _aOVINO
650 _aHILO RENAL
650 _aARTERIA
650 _aVEIA
650 _aANATOMIA ANIMAL
773 0 _tRevista da Faculdade de Medicina Veterinaria e Zootecnia da Universidade de Sao Paulo (Brazil)
_xISSN 0303-7525
_g(1988), v. 25(1) p. 33-45
_wBR8902642
909 _a202311
_bLúcia
_c55
_dLúcia Elande
942 _2AGRIS
_n0
_cANA
999 _c125905
_d125905